书目信息 |
| 题名: |
詹天佑与中国近代铁路
|
|
| 作者: | 陈琪 编著 | |
| 分册: | ||
| 出版信息: | 长春 吉林文史出版社 2018重印 |
|
| 页数: | 135页 | |
| 开本: | 21cm | |
| 丛书名: | 中国文化知识读本 | |
| 单 册: | ||
| 中图分类: | K826.16=6 , F532.9 | |
| 科图分类: | ||
| 主题词: | 科学家--ke xue jia--传记--中国--现代 , 铁路运输--tie lu yun shu--交通运输史--中国--近代 | |
| 电子资源: | ||
| ISBN: | 978-7-5472-0880-9 | |
| 000 | 01102nam 2200301 45 | |
| 001 | 012001010963 | |
| 005 | 20140104141235.0 | |
| 010 | @a978-7-5472-0880-9@dCNY34.80 | |
| 099 | @aCAL 012012215416 | |
| 100 | @a20120529d2012 ekmy0chiy50 ea | |
| 101 | 0 | @achi |
| 102 | @aCN@b220000 | |
| 105 | @aach z 000yd | |
| 106 | @ar | |
| 200 | 1 | @a詹天佑与中国近代铁路@Azhan tian you yu zhong guo jin dai tie lu@f陈琪编著 |
| 210 | @a长春@c吉林文史出版社@d2018重印 | |
| 215 | @a135页@c图, 肖像, 摹真@d21cm | |
| 225 | 2 | @a中国文化知识读本@Azhong guo wen hua zhi shi du ben |
| 330 | @a本套丛书介绍了中国历史上的学派、思想、天文地理、衣食住行等领域与文化相关的知识,可做为普及中国文化知识的读本。本册介绍了詹天佑与中国近代铁路。 | |
| 410 | 0 | @12001 @a中国文化知识读本 |
| 600 | 0 | @a詹天佑,@Azhan tian you@f1861-1919@x传记 |
| 606 | 0 | @a科学家@Ake xue jia@x传记@y中国@z现代 |
| 606 | 0 | @a铁路运输@Atie lu yun shu@x交通运输史@y中国@z近代 |
| 690 | @aK826.16=6@v5 | |
| 690 | @aF532.9@v5 | |
| 701 | 0 | @a陈琪@Achen qi@4编著 |
| 801 | 2 | @aCN@b上海新华@c20191020 |
| 905 | @b1137429-32@dK826.16=6@e120@f4 | |
| 詹天佑与中国近代铁路/陈琪编著.-长春:吉林文史出版社,2018重印 |
| 135页:图, 肖像, 摹真;21cm.-(中国文化知识读本) |
| ISBN 978-7-5472-0880-9:CNY34.80 |
| 本套丛书介绍了中国历史上的学派、思想、天文地理、衣食住行等领域与文化相关的知识,可做为普及中国文化知识的读本。本册介绍了詹天佑与中国近代铁路。 |
| ● |
| 相关链接 |
|
|
|
|
正题名:詹天佑与中国近代铁路
索取号:K826.16=6/120
 
预约/预借
| 序号 | 登录号 | 条形码 | 馆藏地/架位号 | 状态 | 备注 |
| 1 | 1137429 | 211374298 | 第二样本阅览室/ [索取号:K826.16=6/120] | 在馆 | |
| 2 | 1137430 | 211374305 | 第二借阅区/ [索取号:K826.16=6/120] | 在馆 | |
| 3 | 1137431 | 211374314 | 第二借阅区/ [索取号:K826.16=6/120] | 在馆 | |
| 4 | 1137432 | 211374323 | 第二借阅区/ [索取号:K826.16=6/120] | 在馆 |